Match countries with definitions #3 Asia - Oceania - Statistics

General Stats
  • This quiz has been taken 34 times
  • The average score is 14 of 18
Answer Stats
Hint Answer % Correct
Country where cherry blossoms bloom every spring, trains are punctual to the millimeter, and tradition meets technology at every corner. Japan
95%
City-state where futuristic gardens meet sparkling skyscrapers, cleanliness is a virtue, and hawker centers offer a culinary world tour in one meal. Singapore
90%
Land of Angkor temples, golden pagodas, and a heavy past that forged a resilient and warm people. Cambodia
85%
Country where the Himalayas touch the sky, temples cling to mountains, and yaks and Sherpas are part of daily life. Nepal
85%
Kingdom where endless dunes blend with futuristic skyscrapers, where oil flows abundantly, and oases hide behind ancient traditions. Saudi Arabia
85%
Land of spices, sacred cows, and endless honking; here, traffic is an extreme sport. India
80%
Country where technology advances faster than the sun, K-dramas and K-pop captivate the world, and every meal is an explosion of spicy flavors. South Korea
80%
Where the smell of black tea mingles with spices, flying carpets are replaced by bustling bazaars, and kebabs are a true institution. Turkey
80%
A continental country where everything that crawls, swims, or flies seems to want to bite you, but the people are the coolest in the world. Australia
75%
Empire of contrasts where lazy pandas coexist with overpopulated megacities, millennia-old traditions blend into a high-tech future, and everything seems possible. China
75%
Country of 170 islands, volcanoes, and selfies with thieving monkeys. Indonesia
75%
Where rice paddies stretch infinitely, steaming pho scents fill the streets, and scooters create a chaotic but harmonious symphony. Vietnam
75%
Country where mountains meet steppes, and Borat is still not a national pride. Kazakhstan
70%
Where sheep outnumber people, landscapes look like a movie set, and everyone is a bit envious of the Kiwi accent. New Zealand
70%
Country where pagodas meet beaches, floating markets overflow with flavors, and smiles are a national calling card. Thailand
70%
Land of endless steppes, yurts, and the national sport of open-air wrestling. Mongolia
65%
Land of majestic cedars, generous mezze, where mountains plunge into the Mediterranean, and the poetry of the past illuminates the present. Lebanon
55%
The only place where a discussion about the best falafels can become as serious as a political debate, where ancient history meets high-tech innovation, and every stone tells a story. Israel
50%
No matching quizzes found
Score Distribution
Percent of People with Each Score
Percentile by Number Answered
Your Score History
You have not taken this quiz